[Event "Nezhmetdinov Cup 2013"]
[Site "Kazan"]
[Date "2013.06.07"]
[Round "8.4"]
[White "Azarov, Sergei"]
[Black "Zakhartsov, Viacheslav"]
[Result "1/2-1/2"]
[WhiteElo "2629"]
[BlackElo "2536"]
[PlyCount "84"]
[EventDate "2013.??.??"]

1. e4 c5 2. Nf3 d6 3. d4 cxd4 4. Nxd4 Nf6 5. Nc3 a6 6. Bg5 Nbd7 7. Qe2 h6 8.
Bxf6 Nxf6 9. O-O-O e5 10. Nf5 g6 11. Ne3 Be6 12. Ned5 Nxd5 13. Nxd5 Rc8 14. Kb1
Rc5 15. Qe3 Bxd5 16. Rxd5 Rxd5 17. exd5 Bg7 18. Bd3 h5 19. Qa7 Qd7 20. Re1 f5
21. f3 Qe7 22. g3 Kf7 23. h3 Bf6 24. a3 Kg7 25. g4 hxg4 26. hxg4 fxg4 27. fxg4
Bh4 28. Rf1 Bg5 29. Be4 Rh3 30. Qb8 Rh8 31. Qa7 Rh3 32. Qf2 Bf4 33. Rh1 Rxh1+
34. Bxh1 Qd7 35. Qh4 Qb5 36. Qe7+ Kh6 37. Qh4+ Kg7 38. Qe7+ Kh6 39. Bg2 Qe2 40.
Qh4+ Kg7 41. Qe7+ Kh6 42. Qh4+ Kg7 1/2-1/2

[Event "Nezhmetdinov Cup 2013"]
[Site "Kazan"]
[Date "2013.06.07"]
[Round "8.5"]
[White "Fedorov, Alexei"]
[Black "Tunik, Gennady"]
[Result "1-0"]
[WhiteElo "2591"]
[BlackElo "2430"]
[PlyCount "79"]
[EventDate "2013.??.??"]

1. e4 c5 2. Nf3 e6 3. d3 Nc6 4. c3 d5 5. Qe2 d4 6. e5 dxc3 7. bxc3 Nge7 8. g3
b6 9. Nbd2 Bb7 10. Bg2 Qd7 11. O-O Rd8 12. Ne4 Qxd3 13. Qxd3 Rxd3 14. Nd6+ Rxd6
15. exd6 Nd5 16. c4 Nf6 17. Rd1 Nd7 18. Bb2 f6 19. Nd2 Kf7 20. a4 Na5 21. Bc3
Bxg2 22. Kxg2 Nc6 23. a5 e5 24. axb6 axb6 25. Ra8 Ncb8 26. f4 exf4 27. gxf4 g6
28. Ne4 Bg7 29. Ra7 Re8 30. Kf3 f5 31. Ng5+ Kg8 32. Bxg7 Kxg7 33. Kf2 h6 34.
Nf3 Kf6 35. Ne5 Rd8 36. Ra8 Nf8 37. d7 Ne6 38. Rd6 g5 39. Rxb8 Rxb8 40. Nc6 1-0

[Event "Nezhmetdinov Cup 2013"]
[Site "Kazan"]
[Date "2013.06.07"]
[Round "8.6"]
[White "Gabrielian, Artur"]
[Black "Vorobiov, Evgeny"]
[Result "1/2-1/2"]
[WhiteElo "2545"]
[BlackElo "2583"]
[PlyCount "80"]
[EventDate "2013.??.??"]

1. e4 c5 2. Nf3 Nc6 3. d4 cxd4 4. Nxd4 g6 5. Nc3 Bg7 6. Be3 Nf6 7. Bc4 O-O 8.
Bb3 d6 9. f3 Bd7 10. Qd2 Nxd4 11. Bxd4 b5 12. h4 a5 13. h5 a4 14. Bd5 b4 15.
Bxf6 exf6 16. Ne2 f5 17. hxg6 hxg6 18. Bxa8 Qxa8 19. Qxd6 Bb5 20. Rd1 Bxe2 21.
Kxe2 fxe4 22. Rh4 exf3+ 23. gxf3 Re8+ 24. Kf2 Bxb2 25. Qxb4 Qa7+ 26. Rdd4 Rb8
27. Qxa4 Bxd4+ 28. Qxd4 Qxd4+ 29. Rxd4 Rb2 30. a4 Rxc2+ 31. Ke3 Ra2 32. Ke4 Kg7
33. Kd5 g5 34. Kc5 f5 35. Kb5 Rb2+ 36. Rb4 Rxb4+ 37. Kxb4 g4 38. fxg4 fxg4 39.
a5 g3 40. a6 g2 1/2-1/2

[Event "Nezhmetdinov Cup 2013"]
[Site "Kazan"]
[Date "2013.06.07"]
[Round "8.7"]
[White "Maiorov, Nikita"]
[Black "Kryakvin, Dmitry"]
[Result "1/2-1/2"]
[WhiteElo "2535"]
[BlackElo "2576"]
[PlyCount "168"]
[EventDate "2013.??.??"]

1. d4 d5 2. c4 c6 3. Nc3 dxc4 4. e4 b5 5. a4 b4 6. Nb1 Ba6 7. Qc2 Nf6 8. Nd2 e6
9. Bxc4 Bxc4 10. Qxc4 c5 11. Ngf3 Nbd7 12. O-O Be7 13. Qe2 cxd4 14. Nxd4 Nc5
15. Qb5+ Qd7 16. Qxd7+ Nfxd7 17. f3 Ne5 18. N2b3 Rd8 19. Kf2 Nxb3 20. Nxb3 Rd3
21. Nd2 O-O 22. Ke2 Rfd8 23. f4 Ng4 24. Rf3 R3d4 25. h3 Nf6 26. e5 Nd5 27. Nb3
Re4+ 28. Kf1 Rc4 29. g3 f6 30. exf6 Bxf6 31. a5 a6 32. Rb1 Rc2 33. Rd3 Rdc8 34.
f5 Nc7 35. fxe6 Nxe6 36. Bd2 Ng5 37. Rc1 Nxh3 38. Rd6 Ng5 39. Rxa6 Ne4 40. Rxc2
Rxc2 41. Ra8+ Kf7 42. Be1 Rxb2 43. a6 Rxb3 44. a7 Ra3 45. Rf8+ Kg6 46. a8=Q
Rxa8 47. Rxa8 b3 48. Rb8 b2 49. Kg2 Nd6 50. Rb3 Nc4 51. Bb4 Kf5 52. Kf2 Ke4 53.
Ke2 h5 54. Kd1 Ne3+ 55. Kd2 Nf1+ 56. Kc2 Be5 57. Be1 g5 58. Bf2 Nh2 59. Re3+
Kf5 60. Rd3 Kg4 61. Rb3 Nf3 62. Kd1 Bxg3 63. Rb4+ Kh3 64. Rxb2 g4 65. Ke2 h4
66. Ke3 Be5 67. Ra2 Nh2 68. Ke4 g3 69. Bb6 Ng4 70. Kf3 Bf6 71. Bg1 Bc3 72. Re2
Be5 73. Rc2 Bd6 74. Rd2 Nh2+ 75. Ke4 Bb4 76. Re2 Nf1 77. Kf3 Nd2+ 78. Kf4 Bd6+
79. Kf5 Nf3 80. Bb6 g2 81. Re3 g1=Q 82. Rxf3+ Qg3 83. Ke4 Kg2 84. Rxg3+ Bxg3
1/2-1/2

[Event "Nezhmetdinov Cup 2013"]
[Site "Kazan"]
[Date "2013.06.07"]
[Round "8.9"]
[White "Kalegin, Evgenij"]
[Black "Atalik, Suat"]
[Result "1-0"]
[WhiteElo "2447"]
[BlackElo "2597"]
[PlyCount "49"]
[EventDate "2013.??.??"]

1. e4 e5 2. Nf3 Nc6 3. Bc4 Nf6 4. d3 h6 5. O-O d6 6. c3 g6 7. d4 Qe7 8. dxe5
Nxe5 9. Nxe5 dxe5 10. Qe2 c6 11. a4 Bg4 12. f3 Be6 13. Be3 h5 14. Na3 h4 15.
Rfd1 Nh5 16. Nb5 Bxc4 17. Qxc4 Rd8 18. Nxa7 Bh6 19. Bc5 Qg5 20. Nb5 Rd2 21.
Rxd2 Qxd2 22. Nd6+ Kd8 23. Bb6+ Ke7 24. Qxf7+ Kxd6 25. Bc7+ {Kd5} 1-0

[Event "Nezhmetdinov Cup 2013"]
[Site "?"]
[Date "2013.06.07"]
[Round "8.14"]
[White "Voitsekhovsky, Stanislav"]
[Black "Zenzera, Alexey"]
[Result "1-0"]
[WhiteElo "2523"]
[BlackElo "2387"]
[PlyCount "117"]
[EventDate "2013.06.04"]

1. e4 c6 2. Nc3 d5 3. Qe2 d4 4. Nd1 e5 5. g3 Bd6 6. d3 c5 7. Bg2 Nc6 8. Nh3
Nge7 9. O-O Bd7 10. f4 Qc7 11. Qh5 g6 12. Qh6 O-O-O 13. Ng5 Rdf8 14. f5 f6 15.
Ne6 Bxe6 16. fxe6 Nd8 17. Bh3 f5 18. Bg5 Nxe6 19. exf5 Nxg5 20. Qxg5 gxf5 21.
Bxf5+ Nxf5 22. Rxf5 Rfg8 23. Qh4 h5 24. Nf2 Be7 25. Qh3 Kb8 26. Rxh5 Rxh5 27.
Qxh5 Bg5 28. Ne4 Be3+ 29. Kg2 c4 30. Qe2 Rh8 31. b3 cxd3 32. cxd3 a5 33. h4 Qc6
34. Rf1 a4 35. bxa4 Qxa4 36. Rf7 Rc8 37. Qf3 Qxa2+ 38. Kh3 Qd5 39. Qf5 Rc7 40.
Rf8+ Ka7 41. Re8 Qf7 42. Qxf7 Rxf7 43. Rxe5 Rf1 44. Rb5 Rd1 45. Rb3 b5 46. Nd6
b4 47. Rxb4 Rxd3 48. Nf5 Bf2 49. h5 Rc3 50. Rb2 Bg1 51. Kg2 d3 52. Rb1 Bb6 53.
Rd1 Bd8 54. Nd6 Rc2+ 55. Kf3 d2 56. Ne4 Ba5 57. Ke2 Bb4 58. Nxd2 Rc5 59. g4 1-0

[Event "Nezhmetdinov Cup 2013"]
[Site "?"]
[Date "2013.06.07"]
[Round "8.15"]
[White "Murtazin, Bulat"]
[Black "Ulibin, Mikhail"]
[Result "0-1"]
[WhiteElo "2151"]
[BlackElo "2523"]
[PlyCount "110"]
[EventDate "2013.06.04"]

1. d4 e6 2. c4 f5 3. Nf3 Nf6 4. g3 d5 5. Bg2 c6 6. O-O Bd6 7. b3 Qe7 8. Bf4
Bxf4 9. gxf4 O-O 10. Qc1 b6 11. Qa3 c5 12. Nc3 Bb7 13. Ne5 Ne4 14. Rac1 dxc4
15. Nxe4 fxe4 16. Rxc4 Rxf4 17. dxc5 Qg5 18. e3 Rf6 19. Qb2 Nc6 20. Rxe4 Nxe5
21. f4 Nd3 22. fxg5 Rxf1+ 23. Bxf1 Nxb2 24. Rd4 bxc5 25. Rd2 Na4 26. bxa4 Bd5
27. Rc2 Rc8 28. Bd3 e5 29. e4 Be6 30. Ba6 Rc7 31. Kf2 Kf7 32. Rd2 Ke7 33. Ke3
Rc6 34. Bb5 Rc8 35. a5 Rb8 36. a4 Rf8 37. Rc2 Rc8 38. Rd2 Rc7 39. Kd3 Rc8 40.
Ke3 c4 41. Rc2 Kd6 42. Ba6 Rc6 43. Bb5 Rc7 44. Rd2+ Kc5 45. Rd8 c3 46. Kd3 Kb4
47. Kc2 Bb3+ 48. Kc1 Rf7 49. Rb8 Ka3 50. Bd3 Rf2 51. Rc8 Rd2 52. Be2 Rxe2 53.
Rxc3 Rxe4 54. Kd2 Rd4+ 55. Ke3 Rd7 0-1

[Event "Nezhmetdinov Cup 2013"]
[Site "?"]
[Date "2013.06.07"]
[Round "8.18"]
[White "Ozolin, Maxim"]
[Black "Durarbayli, Vasif"]
[Result "1/2-1/2"]
[WhiteElo "2387"]
[BlackElo "2597"]
[PlyCount "105"]
[EventDate "2013.06.04"]

1. e4 c5 2. Nf3 e6 3. d4 cxd4 4. Nxd4 a6 5. Bd3 Bc5 6. Nb3 Ba7 7. Nc3 Nc6 8.
Qe2 d6 9. Be3 Nf6 10. f4 e5 11. Bxa7 Rxa7 12. f5 b5 13. O-O-O b4 14. Na4 Bd7
15. Bc4 Na5 16. Nxa5 Bxa4 17. Nb3 Bc6 18. Nd2 Qa8 19. Rhe1 h5 20. g3 a5 21. h3
a4 22. g4 b3 23. g5 Nd7 24. Nb1 bxc2 25. Kxc2 Rb7 26. Nc3 Nc5 27. Kb1 Qa5 28.
Qc2 Rb4 29. Nd5 Bxd5 30. Bxd5 a3 31. b3 Rd4 32. Re2 Ke7 33. f6+ gxf6 34. gxf6+
Kd7 35. Bxf7 Rf8 36. Bxh5 Rxf6 37. Bg4+ Ke7 38. Bf5 Rf8 39. Rg1 Kd8 40. Qc1 Kc7
41. Rc2 Kb6 42. h4 Rh8 43. Qg5 Qb5 44. Rgc1 Qd3 45. h5 Rb4 46. Qd2 Qxd2 47.
Rxd2 Nxe4 48. Bxe4 Rxe4 49. Rxd6+ Kb5 50. Rd5+ Kb6 51. Rd6+ Kb5 52. Rd5+ Kb6
53. Rd6+ 1/2-1/2

[Event "Nezhmetdinov Cup 2013"]
[Site "?"]
[Date "2013.06.07"]
[Round "8.19"]
[White "Dmitriev, Igor"]
[Black "Rychagov, Andrey"]
[Result "0-1"]
[WhiteElo "2289"]
[BlackElo "2561"]
[PlyCount "120"]
[EventDate "2013.06.04"]

1. c4 f5 2. Nf3 Nf6 3. Nc3 g6 4. d3 Bg7 5. e4 d6 6. Be2 e5 7. Rb1 O-O 8. b4 Nc6
9. Bg5 h6 10. Bxf6 Qxf6 11. b5 Nd8 12. Nd2 Ne6 13. Nd5 Qf7 14. O-O c6 15. bxc6
bxc6 16. Nb4 Bb7 17. Bf3 Nd4 18. Nc2 Nxf3+ 19. Qxf3 d5 20. Ne3 Rad8 21. exf5
Qd7 22. Nb3 Ba8 23. Nc5 Qe7 24. Ne6 d4 25. Nxf8 Rxf8 26. f6 Bxf6 27. Nc2 c5 28.
Qg3 Kh7 29. f3 Bh4 30. Qh3 Bc6 31. g3 Bg5 32. Qg2 h5 33. Qe2 Qf6 34. Rbe1 Re8
35. Qf2 Rf8 36. Qe2 Re8 37. Rf2 Bh6 38. Qf1 Qf5 39. Re4 Rb8 40. Qe1 Bxe4 41.
fxe4 Qh3 42. Qf1 Qxf1+ 43. Kxf1 Rb1+ 44. Ne1 Be3 45. Rc2 g5 46. h3 g4 47. hxg4
hxg4 48. Ke2 Kg6 49. Ng2 Rg1 50. Nxe3 dxe3 51. Rc3 Rg2+ 52. Kxe3 Rxg3+ 53. Kf2
Rf3+ 54. Ke2 Rf6 55. Ra3 a6 56. Rb3 Kg5 57. Rb8 g3 58. a4 Kg4 59. Rh8 g2 60.
Rg8+ Kh3 0-1

[Event "Nezhmetdinov Cup 2013"]
[Site "?"]
[Date "2013.06.07"]
[Round "8.20"]
[White "Atalik, Ekaterina"]
[Black "Ovod, Evgenija"]
[Result "1-0"]
[WhiteElo "2455"]
[BlackElo "2387"]
[PlyCount "135"]
[EventDate "2013.06.04"]

1. c4 c5 2. Nf3 Nf6 3. d4 cxd4 4. Nxd4 e6 5. Nc3 a6 6. g3 Qc7 7. Qd3 Nc6 8.
Nxc6 Qxc6 9. e4 b6 10. Bg2 Bb7 11. Bd2 Rc8 12. b3 Bb4 13. O-O Bxc3 14. Bxc3 b5
15. Bxf6 gxf6 16. cxb5 Qxb5 17. Qd4 Qe5 18. Qa7 Qb8 19. Qe3 Ke7 20. e5 Bxg2 21.
exf6+ Kxf6 22. Qh6+ Ke7 23. Qg5+ Kf8 24. Kxg2 Qb5 25. Qf6 Qc6+ 26. Kg1 Qc3 27.
Qf4 Ke7 28. Rac1 Qb2 29. Qh4+ f6 30. Rxc8 Rxc8 31. Qxh7+ Kd8 32. Rd1 d5 33.
Qg8+ Kd7 34. Qf7+ Kd6 35. Re1 Rc1 36. Qxe6+ Kc7 37. Rxc1+ Qxc1+ 38. Kg2 Qd1 39.
Qf7+ Kb8 40. h4 d4 41. h5 Qc2 42. Qe8+ Kc7 43. Qe7+ Kc6 44. Qe6+ Kb5 45. Qd7+
Kb4 46. Qxd4+ Ka3 47. Qxf6 Qe4+ 48. Kh2 a5 49. h6 Kxa2 50. Qf7 Qc6 51. h7 Qh6+
52. Kg2 Qc6+ 53. f3 Qc2+ 54. Kh3 Qc8+ 55. g4 Qc1 56. b4+ Ka3 57. bxa5 Qh1+ 58.
Kg3 Qg1+ 59. Kf4 Qd4+ 60. Kg5 Qe5+ 61. Qf5 Qe7+ 62. Kg6 Qe8+ 63. Qf7 Qc6+ 64.
Kg7 Qc3+ 65. Kg8 Kb2 66. h8=Q Kb1 67. Qa2+ Kxa2 68. Qxc3 1-0

[Event "Nezhmetdinov Cup 2013"]
[Site "?"]
[Date "2013.06.07"]
[Round "8.21"]
[White "Zakhartsov, Vladimir"]
[Black "Sharafiev, Azat"]
[Result "1-0"]
[WhiteElo "2335"]
[BlackElo "2451"]
[PlyCount "45"]
[EventDate "2013.06.04"]

1. e4 c5 2. Nf3 d6 3. d4 cxd4 4. Nxd4 Nf6 5. Nc3 Nc6 6. Bg5 Bd7 7. Qd2 h6 8.
Bxf6 gxf6 9. O-O-O Nxd4 10. Qxd4 Qa5 11. Kb1 Rc8 12. f4 Qc5 13. Qd2 f5 14. exf5
Qxf5 15. Nd5 e6 16. Re1 Ba4 17. b3 Bc6 18. Qd4 Bxd5 19. Bd3 Qg4 20. Qxd5 Bg7
21. Bf5 Qxf4 22. Rxe6+ Kf8 23. Rxd6 1-0

[Event "Nezhmetdinov Cup 2013"]
[Site "?"]
[Date "2013.06.07"]
[Round "8.23"]
[White "Belyakov, Bogdan"]
[Black "Kozionov, Kirill"]
[Result "1-0"]
[WhiteElo "2407"]
[BlackElo "2272"]
[PlyCount "137"]
[EventDate "2013.06.04"]

1. e4 e5 2. Nf3 Nc6 3. Bb5 Nf6 4. O-O Nxe4 5. Re1 Nd6 6. Nxe5 Be7 7. Bf1 Nxe5
8. Rxe5 O-O 9. d4 Bf6 10. Re1 Re8 11. Rxe8+ Qxe8 12. Nc3 c6 13. Qd3 b5 14. Bf4
Nc4 15. b3 Nb6 16. Ne4 Be7 17. Re1 Qf8 18. Bd6 f5 19. Nf6+ Qxf6 20. Bxe7 Qg6
21. Qg3 Qxg3 22. hxg3 d5 23. Bc5 Bd7 24. Bd3 g6 25. f3 Re8 26. Ra1 Rb8 27. Kf2
Kf7 28. Rh1 h5 29. Ra1 Rb7 30. Rh1 Rb8 31. Rb1 Rd8 32. a3 Be6 33. Ra1 Ra8 34.
Ke3 Nd7 35. Bd6 Nb6 36. Kf4 Rd8 37. Be5 Bc8 38. Bb8 Re8 39. Kg5 a6 40. Bd6 Re6
41. Bb4 Nd7 42. Kh4 Nf6 43. Kh3 f4 44. Kh2 fxg3+ 45. Kxg3 g5 46. Bd2 g4 47. Rh1
Re8 48. Bg5 gxf3 49. gxf3 Rh8 50. Rh4 Rg8 51. Kf4 Rh8 52. Ke5 Ne8 53. a4 Bd7
54. axb5 axb5 55. Rf4+ Kg8 56. c4 bxc4 57. bxc4 Ng7 58. cxd5 cxd5 59. Bh4 Rh6
60. Rf6 Rxf6 61. Kxf6 Ne6 62. Ke5 Kf7 63. f4 Nc7 64. f5 Bc8 65. Be2 Bb7 66.
Bxh5+ Kf8 67. Bg5 Ne8 68. Bh6+ Ke7 69. f6+ 1-0

[Event "Nezhmetdinov Cup 2013"]
[Site "?"]
[Date "2013.06.07"]
[Round "8.24"]
[White "Ponfilenok, Vladimir"]
[Black "Makarenko, Alexandra"]
[Result "1-0"]
[WhiteElo "2395"]
[BlackElo "2124"]
[PlyCount "127"]
[EventDate "2013.06.04"]

1. d4 Nf6 2. Nf3 g6 3. g3 Bg7 4. Bg2 O-O 5. c4 d6 6. Nc3 Nc6 7. O-O a6 8. b3
Rb8 9. Nd5 b5 10. Nxf6+ Bxf6 11. Bh6 Re8 12. Rc1 e5 13. d5 Ne7 14. e4 Bg4 15.
h3 Bxf3 16. Qxf3 Bg7 17. Bxg7 Kxg7 18. Qd3 Qd7 19. c5 c6 20. b4 Rbc8 21. Rfd1
Red8 22. f4 f6 23. fxe5 fxe5 24. Kh2 cxd5 25. exd5 Rf8 26. Qa3 Rf2 27. cxd6
Qxd6 28. Rxc8 Nxc8 29. Qc3 Ne7 30. Qc5 Qf6 31. d6 e4 32. Qd4 Qxd4 33. Rxd4 Nc6
34. d7 Nd8 35. Rxe4 Rd2 36. Re7+ Kf6 37. Rxh7 Nf7 38. Rh4 g5 39. Re4 Ne5 40.
Re3 Rxd7 41. Ra3 Rd6 42. Bb7 Nd3 43. Rb3 Ke5 44. Kg2 Kd4 45. Kf3 Kc4 46. Kg4
Nxb4 47. Kxg5 a5 48. Rb2 a4 49. Bf3 Kc3 50. Rb1 Nxa2 51. Rxb5 Nb4 52. Ra5 Kb3
53. Bh5 a3 54. Bf7+ Kb2 55. h4 Rd7 56. Kf6 Nc6 57. Rb5+ Ka1 58. h5 Rd3 59. h6
Rf3+ 60. Rf5 Rxg3 61. h7 Rh3 62. Bh5 a2 63. h8=Q Kb1 64. Rf1+ 1-0

[Event "Nezhmetdinov Cup 2013"]
[Site "?"]
[Date "2013.06.07"]
[Round "8.25"]
[White "Drachev, Oleg"]
[Black "Lugovskoy, Maxim"]
[Result "0-1"]
[WhiteElo "2187"]
[BlackElo "2396"]
[PlyCount "74"]
[EventDate "2013.06.04"]

1. e4 c6 2. d4 d5 3. f3 e6 4. Nc3 Bb4 5. Bf4 Ne7 6. Qd3 b6 7. Nge2 Ba6 8. Qe3
O-O 9. O-O-O c5 10. a3 Bxc3 11. Qxc3 Nd7 12. Bd6 Rc8 13. Bxe7 Qxe7 14. exd5
Bxe2 15. Bxe2 exd5 16. Qd2 c4 17. c3 b5 18. Rde1 Qd6 19. Bd1 a5 20. Bc2 b4 21.
axb4 axb4 22. Kd1 bxc3 23. bxc3 Rce8 24. Qg5 Nf6 25. Qg3 Qb6 26. Rxe8 Rxe8 27.
Re1 Rxe1+ 28. Kxe1 Qe6+ 29. Kd2 g6 30. Qe5 Kg7 31. Ke3 h6 32. h3 Qa6 33. f4 Qa1
34. Kd2 Qf1 35. g4 Qxh3 36. g5 Qh2+ 37. Ke3 Qg3+ 0-1

[Event "Nezhmetdinov Cup 2013"]
[Site "?"]
[Date "2013.06.07"]
[Round "8.27"]
[White "Makhmutov, Rail"]
[Black "Matsenko, Andrei"]
[Result "1/2-1/2"]
[WhiteElo "2360"]
[BlackElo "2212"]
[PlyCount "52"]
[EventDate "2013.06.04"]

1. d4 d5 2. c4 c6 3. Nf3 Nf6 4. e3 Bf5 5. Nc3 e6 6. Nh4 Bg6 7. Qb3 Qc7 8. Nxg6
hxg6 9. g3 Nbd7 10. Bg2 Bd6 11. Bd2 O-O 12. Rc1 dxc4 13. Qxc4 Nb6 14. Qb3 Qe7
15. O-O e5 16. dxe5 Bxe5 17. Ne2 Rad8 18. Ba5 Bc7 19. Nf4 Kh8 20. Nd3 Nbd5 21.
Bxc7 Nxc7 22. Rfd1 Ne6 23. Bf3 Ng5 24. Bg2 Ne6 25. Bf3 Ng5 26. Bg2 Ne6 1/2-1/2

[Event "Nezhmetdinov Cup 2013"]
[Site "?"]
[Date "2013.06.07"]
[Round "8.29"]
[White "Odnorozhenko, Evgenyi"]
[Black "Esipenko, Andrey"]
[Result "1/2-1/2"]
[WhiteElo "2319"]
[BlackElo "2191"]
[PlyCount "119"]
[EventDate "2013.06.04"]

1. e4 c5 2. Nf3 e6 3. c3 Nf6 4. e5 Nd5 5. Bc4 d6 6. O-O Nc6 7. exd6 Bxd6 8. d4
O-O 9. dxc5 Bxc5 10. Nbd2 Nf6 11. Qe2 Qe7 12. Nb3 Bd6 13. Bg5 h6 14. Bh4 e5 15.
Nbd2 Bf5 16. Bxf6 Qxf6 17. Ne4 Qe7 18. Nxd6 Qxd6 19. Rad1 Qc7 20. Bd5 Rae8 21.
Nh4 Bh7 22. Qg4 Kh8 23. Nf5 Bxf5 24. Qxf5 Ne7 25. Qf3 f5 26. Qe3 b6 27. Bb3 Ng6
28. Qd2 Rd8 29. Qe3 Nf4 30. f3 Qe7 31. g3 Nh3+ 32. Kg2 f4 33. Qe2 Rxd1 34. Qxd1
Ng5 35. gxf4 Rxf4 36. Qd5 Rf8 37. Qc6 Nh7 38. Kh1 e4 39. Bc2 e3 40. Qe4 Qxe4
41. Bxe4 Nf6 42. Re1 Nxe4 43. fxe4 Rf2 44. b4 Rxa2 45. Rxe3 Kg8 46. Rd3 Kf8 47.
Rd7 b5 48. e5 a6 49. Ra7 h5 50. h3 Rc2 51. Rc7 Re2 52. Rc6 Rc2 53. Rc7 Ke8 54.
e6 g5 55. Kg1 h4 56. Kh1 Kd8 57. Rd7+ Ke8 58. Rc7 Kd8 59. Rd7+ Ke8 60. Rc7
1/2-1/2

[Event "Nezhmetdinov Cup 2013"]
[Site "?"]
[Date "2013.06.07"]
[Round "8.29"]
[White "Sazonova, Anastasia"]
[Black "Ayupov, Damir"]
[Result "0-1"]
[WhiteElo "2097"]
[BlackElo "2334"]
[PlyCount "172"]
[EventDate "2013.06.04"]

1. e4 c5 2. Nf3 Nc6 3. d4 cxd4 4. Nxd4 Nf6 5. Nc3 e5 6. Ndb5 d6 7. Bg5 a6 8.
Na3 b5 9. Nd5 Be7 10. Bxf6 Bxf6 11. c4 O-O 12. cxb5 Nd4 13. b6 Bh4 14. g3 Bg5
15. Bg2 Be6 16. Nc4 Bxd5 17. exd5 f5 18. f4 Rc8 19. b3 Bf6 20. O-O e4 21. Kh1
Rc5 22. a4 a5 23. Ra2 Qa8 24. Rd2 Qxd5 25. Ne3 Qxb3 26. Rxd4 Qxe3 27. Rxd6 Rb8
28. Qb1 Qa3 29. Qd1 Qb4 30. Re6 Rd8 31. Rd6 Rb8 32. Re6 Rxb6 33. Re8+ Kf7 34.
Qd7+ Kg6 35. g4 Rb7 36. Qe6 Qc4 37. gxf5+ Kh6 38. Qxc4 Rxc4 39. Rxe4 Rbb4 40.
Rxc4 Rxc4 41. Rf3 Kh5 42. Bf1 Rc2 43. Bd3 Rd2 44. h3 Kh4 45. Kg1 h5 46. Kf1 Bd4
47. Bb5 Bb6 48. Bc4 Rh2 49. Bf7 Rb2 50. Bc4 Rb4 51. Bb5 Bc7 52. Ke2 Bxf4 53.
Rd3 Rb2+ 54. Kf1 Rh2 55. Bd7 Be5 56. Be6 Bf6 57. Bd7 Rb2 58. Be6 Rb4 59. Bd7
Bd4 60. Bb5 Kg5 61. Bd7 Kf4 62. Ke2 Rb2+ 63. Rd2 Rb4 64. Rd3 h4 65. Rd1 Ke4 66.
Rd2 Rc4 67. Bb5 Rc1 68. Bd7 Rg1 69. Bc6+ Ke5 70. Rd3 Rc1 71. Bd7 Ke4 72. Rd2
Rc3 73. Rd3 Rc7 74. Be6 Bb6 75. Rd7 Rc2+ 76. Kd1 Rf2 77. Rd2 Rf1+ 78. Ke2 Rg1
79. Rd7 Bd4 80. Re7 Rg2+ 81. Kf1 Rf2+ 82. Ke1 Kd3 83. Bc8 Rf3 84. Ba6+ Kc3 85.
Rc7+ Kb3 86. Rd7 Bc3+ 0-1

[Event "Nezhmetdinov Cup 2013"]
[Site "?"]
[Date "2013.06.07"]
[Round "8.33"]
[White "Chistiakova, Tamara"]
[Black "Yeletsky, Ivan"]
[Result "1/2-1/2"]
[WhiteElo "2314"]
[BlackElo "2144"]
[PlyCount "99"]
[EventDate "2013.06.04"]

1. Nf3 Nf6 2. c4 g6 3. b4 Bg7 4. Bb2 O-O 5. g3 c6 6. Bg2 d5 7. cxd5 cxd5 8. O-O
a6 9. d3 Nc6 10. a3 d4 11. Nbd2 Nd5 12. Nb3 e5 13. Qd2 h6 14. Rac1 Qd6 15. Qc2
Nde7 16. Nfd2 Qc7 17. a4 Qd8 18. Ba3 Bg4 19. Nc5 Ra7 20. Rfe1 Re8 21. Qb2 b5
22. a5 h5 23. Rc2 Nd5 24. h3 Bf5 25. Nde4 Kh8 26. Nb7 Rxb7 27. Rxc6 Bxe4 28.
Bxe4 Nc3 29. Bg2 h4 30. Qb3 Ra7 31. Bc1 e4 32. dxe4 hxg3 33. fxg3 Be5 34. Bf4
Bxf4 35. gxf4 Qh4 36. Rf1 Qg3 37. Qc2 Qe3+ 38. Kh2 Nxe2 39. Qc5 Qg3+ 40. Kh1
Rae7 41. Rc7 Qe3 42. Rxe7 Ng3+ 43. Kh2 Nxf1+ 44. Bxf1 Qf2+ 45. Bg2 Qxf4+ 46.
Kh1 Rxe7 47. Qxe7 Qc1+ 48. Kh2 Qf4+ 49. Kh1 Qc1+ 50. Kh2 1/2-1/2

[Event "Nezhmetdinov Cup 2013"]
[Site "?"]
[Date "2013.06.07"]
[Round "8.34"]
[White "Ioffe, Dmitry"]
[Black "Salakhutdinov, Ildar"]
[Result "0-1"]
[WhiteElo "2138"]
[BlackElo "2293"]
[PlyCount "74"]
[EventDate "2013.06.07"]

1. Nf3 Nf6 2. b3 g6 3. Bb2 Bg7 4. g3 O-O 5. Bg2 d6 6. O-O e5 7. d3 Ne8 8. Qc1
f5 9. c4 Nd7 10. Nc3 a5 11. a3 Nc5 12. Qc2 c6 13. b4 Ne6 14. e3 f4 15. exf4
exf4 16. Ne4 g5 17. h3 h6 18. Bxg7 N8xg7 19. c5 fxg3 20. fxg3 Nf5 21. Nxd6 Nxd6
22. cxd6 Qxd6 23. Kh2 axb4 24. axb4 Rxa1 25. Rxa1 Qxb4 26. d4 Ng7 27. Qg6 Rxf3
28. Ra8 Rf8 29. d5 Qd2 30. dxc6 bxc6 31. Qxc6 Be6 32. Ra7 Rf7 33. Ra8+ Kh7 34.
Rb8 Rf2 35. Qa8 Bd5 36. Rh8+ Kg6 37. Qa6+ Ne6 0-1

[Event "Nezhmetdinov Cup 2013"]
[Site "?"]
[Date "2013.06.07"]
[Round "8.36"]
[White "Bulatov, Ramil"]
[Black "Fakhrutdinov, Timur"]
[Result "0-1"]
[WhiteElo "2221"]
[BlackElo "2128"]
[PlyCount "84"]
[EventDate "2013.06.07"]

1. d4 Nf6 2. Nf3 d5 3. c4 e6 4. Nc3 dxc4 5. e4 Bb4 6. Bxc4 Nxe4 7. O-O Nxc3 8.
bxc3 Bd6 9. Ng5 h6 10. Qh5 O-O 11. Re1 hxg5 12. Bxg5 Be7 13. Bd3 f5 14. Bxe7
Qxe7 15. Bxf5 Rxf5 16. Qxf5 Nc6 17. Qe4 Qg5 18. Re3 Bd7 19. Rh3 Qf5 20. Qh4 Rf8
21. Re1 Rf6 22. Qh8+ Kf7 23. Rf3 Qc2 24. Rxf6+ gxf6 25. h4 Qxc3 26. Re3 Qa1+
27. Kh2 Qxd4 28. Qh7+ Ke8 29. Re4 Qd6+ 30. g3 Qe7 31. Qh6 Ne5 32. Rf4 Bc6 33.
Kh3 Bb5 34. h5 Bf1+ 35. Kh2 Bd3 36. Kg2 Bf5 37. f3 Nf7 38. Qg7 Ng5 39. Qh8+ Kf7
40. g4 Qd6 41. Kg3 Qd1 42. Rxf5 exf5 0-1

[Event "Nezhmetdinov Cup 2013"]
[Site "?"]
[Date "2013.06.07"]
[Round "8.37"]
[White "Sarana, Alexey"]
[Black "Orekhov, Nikolai"]
[Result "1/2-1/2"]
[WhiteElo "2209"]
[BlackElo "2121"]
[PlyCount "91"]
[EventDate "2013.06.07"]

1. e4 e6 2. d4 d5 3. Nc3 Bb4 4. e5 c5 5. a3 Bxc3+ 6. bxc3 Qa5 7. Bd2 Qa4 8. Qb1
c4 9. Ne2 Nc6 10. Ng3 Nge7 11. Be2 b6 12. O-O Bd7 13. Nh5 Rg8 14. Ra2 O-O-O 15.
Kh1 Rdf8 16. Qe1 Kb7 17. Bf3 Nc8 18. Bg5 b5 19. Qd2 Nb6 20. Rb1 Qa5 21. a4 Nxa4
22. Qc1 Ka8 23. Bd2 Rb8 24. h3 Qd8 25. Nf4 Ne7 26. Qe1 Bc6 27. Bc1 Qa5 28. Ba3
Nc8 29. Bb4 Qd8 30. Qe3 Rb7 31. Nh5 h6 32. Nf4 Rb8 33. Bh5 Rb7 34. Kh2 g6 35.
Bg4 Re8 36. Bf3 h5 37. g3 Qc7 38. h4 a5 39. Ba3 Qb8 40. Qe1 Rd8 41. Nh3 Rdd7
42. Bd1 Rb6 43. Bf8 Rd8 44. Ba3 Rd7 45. Bf8 Rd8 46. Ba3 1/2-1/2

[Event "Nezhmetdinov Cup 2013"]
[Site "?"]
[Date "2013.06.07"]
[Round "8.39"]
[White "Chumachenko, Alexander"]
[Black "Safiullin, Rafael"]
[Result "1-0"]
[WhiteElo "2119"]
[BlackElo "2149"]
[PlyCount "111"]
[EventDate "2013.06.07"]

1. d4 Nf6 2. c4 e6 3. Nc3 c5 4. d5 exd5 5. cxd5 d6 6. e4 g6 7. h3 Bg7 8. Nf3
O-O 9. Bd3 a6 10. a4 Nbd7 11. Bf4 Qc7 12. O-O Re8 13. Re1 Nh5 14. Bh2 Ne5 15.
Be2 Qe7 16. Nxe5 Bxe5 17. Bxh5 Bxh2+ 18. Kxh2 Qe5+ 19. g3 Qxh5 20. Qxh5 gxh5
21. Re3 Bd7 22. Rae1 f6 23. b3 b5 24. a5 b4 25. Nb1 Re7 26. Nd2 Bb5 27. Kg2
Rae8 28. f4 Kf7 29. Kf3 Rc8 30. e5 fxe5 31. fxe5 Rxe5 32. Rxe5 dxe5 33. Rxe5 c4
34. bxc4 Bxc4 35. Rxh5 Bb5 36. Rxh7+ Kf6 37. Rh4 Rc3+ 38. Kf2 Rd3 39. Ke1 Re3+
40. Kd1 b3 41. Rb4 Be2+ 42. Kc1 Rc3+ 43. Kb1 Bd3+ 44. Kb2 Rc2+ 45. Kxb3 Rxd2
46. Kc3 Rd1 47. Rd4 Be2 48. Rxd1 Bxd1 49. Kd4 Ke7 50. Ke5 Kd7 51. g4 Bf3 52. g5
Bh5 53. Kf6 Kd6 54. g6 Bf3 55. h4 Bxd5 56. h5 1-0

[Event "Nezhmetdinov Cup 2013"]
[Site "?"]
[Date "2013.06.07"]
[Round "8.40"]
[White "Bitkinin, Lenar"]
[Black "Konovalov, Roman"]
[Result "0-1"]
[WhiteElo "2147"]
[BlackElo "2044"]
[PlyCount "84"]
[EventDate "2013.06.07"]

1. d4 Nf6 2. Nf3 g6 3. c4 Bg7 4. Nc3 O-O 5. Bf4 d6 6. e3 Nh5 7. Bg5 h6 8. Bh4
f5 9. Qd2 c6 10. O-O-O Qe8 11. d5 g5 12. Bg3 Na6 13. Be2 Nc7 14. Nd4 Bd7 15.
Bxh5 Qxh5 16. h4 Qg6 17. hxg5 hxg5 18. f4 g4 19. Bh4 Rfe8 20. Nde2 c5 21. a4 a6
22. a5 Rab8 23. Ng3 b6 24. e4 bxa5 25. exf5 Bxf5 26. Nxf5 Qxf5 27. Qd3 Qxd3 28.
Rxd3 Rb4 29. Re1 Rxc4 30. Rxe7 Rxe7 31. Bxe7 Nb5 32. g3 Kf7 33. Bd8 Bxc3 34.
bxc3 Rxc3+ 35. Rxc3 Nxc3 36. Bxa5 Nxd5 37. Kd2 c4 38. Ke2 Ke6 39. Kd2 Kf5 40.
Ke2 Ke4 41. Kf2 Ne3 42. Bb6 Nf5 0-1